| 000 | 00584nam a2200217 a 4500 | ||
|---|---|---|---|
| 001 | 0001-2145 | ||
| 003 | ELIB.Books | ||
| 008 | 190725 2010 eng | ||
| 020 | _a0842346708 | ||
| 092 |
_a248.48 _bRo |
||
| 100 | _aRobison, James. | ||
| 245 |
_aNew Growth _bWhat the Holy Spirit wants to do for you |
||
| 260 |
_aWheaton _bTyndale House Publishers _c1978 |
||
| 300 |
_a109 _c21cm |
||
| 650 | _aBible-Criticism | ||
| 856 |
_nKBTS Library _uKBTS Elib |
||
| 942 |
_2ddc _cBK |
||
| 990 | _a1 | ||
| 998 |
_aEnglishbooks.elf _ccat _e2019-07-25 |
||
| 999 |
_c12145 _d12145 |
||